| 000 | 01025nam a22002417a 4500 | ||
|---|---|---|---|
| 005 | 20250513124536.0 | ||
| 008 | 250513b |||||||| |||| 00| 0 eng d | ||
| 020 | _a978-81-7055-937-5 (hbk) | ||
| 037 | _cTB | ||
| 040 |
_aCRL _cCRL |
||
| 041 |
_2hin _ahin |
||
| 084 | _aO152,6N32x P2 | ||
| 100 |
_aजैन, कान्तिकुमार _9784178 |
||
| 245 | _aलौट कर आना नहीं होगा | ||
| 250 | _aसंस्करण 3 | ||
| 260 |
_aनयी दिल्ली, भारत: _bवाणी प्रकाशन, _c2002. |
||
| 300 | _a262पृ0 | ||
| 365 |
_b599.00 _cINR |
||
| 650 |
_aहिन्दी निबंध _9784179 |
||
| 650 |
_aहिन्दी साहित्य _9784180 |
||
| 942 |
_2CC _cTB _eसंस्करण 3 _hO152,6N32x P2 _n0 |
||
| 999 |
_c1400781 _d1400781 |
||